|
|
|
|
| LEADER |
01075nam a2200277 u 4500 |
| 001 |
10011407 |
| 003 |
upatras |
| 005 |
20210117204357.0 |
| 008 |
881025s1996 eng |
| 020 |
|
|
|a 041514387X
|
| 040 |
|
|
|a GR-PaULI
|c GR-PaULI
|
| 041 |
0 |
|
|a eng
|
| 082 |
0 |
4 |
|a 330
|
| 100 |
1 |
|
|a Jenkin, Fleeming
|9 128610
|
| 245 |
1 |
0 |
|a The graphic representation of the laws of supply and demand and other essays on political economy
|c Fleeming Jenkin
|
| 260 |
|
|
|a London
|b Routledge
|c 1996
|
| 300 |
|
|
|a 154 p.
|b fig.
|c 24 cm
|
| 490 |
0 |
|
|a LSE scarce tracts in economics
|v iii
|
| 650 |
|
4 |
|a Οικονομία
|9 547
|
| 650 |
|
4 |
|a Οικονομία
|x Νόμος προσφοράς ζήτησης
|9 128611
|
| 650 |
|
4 |
|a Οικονομική
|9 807
|
| 760 |
1 |
|
|a LSE scarce tracts in economics
|g iii
|
| 852 |
|
|
|a GR-PaULI
|b ΠΑΤΡΑ
|b ΒΚΠ
|k ΑΣΧΞ
|h 330 JEN
|m 28193
|p 025000047736
|t 1
|
| 942 |
|
|
|2 ddc
|c BK15
|
| 952 |
|
|
|0 0
|1 0
|4 0
|6 330_000000000000000_JEN
|7 0
|9 144099
|a LISP
|b LISP
|d 2016-04-24
|i 28193
|l 0
|o 330 JEN
|p 025000047736
|r 2016-04-24 00:00:00
|t 1
|w 2016-04-24
|y BK15
|
| 999 |
|
|
|c 93800
|d 93800
|